[Event "51. Miedzynarodowy Festiwal Szachowy im. Akiby Rubinsteina - OPEN B"]
[Site "Polanica-Zdroj"]
[Date "1899-12-30"]
[Round "4.2"]
[White "Kowalczyk, Pawel"]
[Black "Dubinski, Mateusz"]
[Result "1-0"]
[WhiteTitle "I++"]
[BlackTitle "CM"]
[WhiteElo "2352"]
[BlackElo "2207"]

1. e4 c5 2. Nf3 d6 3. d4 cxd4 4. Nxd4 Nf6 5. f3 e5 6. Nb5 a6 7. N5c3 Be6 8. Be3
Be7 9. Qd2 O-O 10. a4 Nc6 11. Nd5 Bxd5 12. exd5 Nd4 13. Bxd4 exd4 14. Qxd4 Nh5
15. c3 Bf6 16. Qg4 Re8+ 17. Kd1 Re5 18. f4 Rxd5+ 19. Kc2 g6 20. Qf3 Rc5 21. g3
d5 22. Nd2 d4 23. c4 d3+ 24. Bxd3 Qb6 25. Rhb1 Rac8 26. Ra3 Qb4 27. Ne4 Rxc4+
28. Bxc4 Qxc4+ 29. Nc3 b5 30. axb5 axb5 31. b4 Ng7 32. Qd3 Qc6 33. Rc1 Nf5 34.
Kb1 Rd8 35. Qe4 Qd6 36. Nxb5 Qb8 37. Qc4 Rd2 38. Qc8+ Kg7 39. Qxb8 Rb2+ 40. Ka1
Rxb4+ 41. Rac3 1-0

[Event "51. Miedzynarodowy Festiwal Szachowy im. Akiby Rubinsteina - OPEN B"]
[Site "Polanica-Zdroj"]
[Date "1899-12-30"]
[Round "4.3"]
[White "Antoniewski, Rafal"]
[Black "Swicarz, Maciej"]
[Result "1/2-1/2"]
[WhiteTitle "GM"]
[BlackTitle "m"]
[WhiteElo "2531"]
[BlackElo "2300"]

1. d4 Nf6 2. Bf4 e6 3. e3 b6 4. Nf3 Nh5 5. Bg5 Be7 6. Bxe7 Qxe7 7. Nc3 f5 8. d5
Qc5 9. Nd4 Nf6 10. Nb3 Qd6 11. Nb5 Qe5 12. d6 Na6 13. dxc7 Ke7 14. Qd4 Qxd4 15.
N3xd4 Bb7 16. a4 Rhc8 17. a5 Nxc7 18. Nxc7 Rxc7 19. c3 g6 20. f3 Rc5 21. Nb3 Rc7
22. Kf2 Bd5 23. Nd2 Rb8 24. c4 Bc6 25. axb6 axb6 26. Be2 Rcc8 27. Ra3 Ra8 28.
Rha1 Ne8 29. Nb1 Nd6 30. Nc3 Bb7 31. Rxa8 Rxa8 32. Rxa8 Bxa8 33. Na4 Nc8 34. b4
d6 35. Ke1 Bc6 36. Nc3 Kd7 37. Kd2 Ne7 38. Bd1 Ng8 39. Bc2 Nf6 40. Bd3 Kc7 41.
h4 Kd7 42. Be2 Kc7 43. Ke1 Kd7 44. Kf2 Kc7 45. g4 fxg4 46. fxg4 Ne4+ 47. Nxe4
1/2-1/2

[Event "51. Miedzynarodowy Festiwal Szachowy im. Akiby Rubinsteina - OPEN B"]
[Site "Polanica-Zdroj"]
[Date "1899-12-30"]
[Round "4.4"]
[White "Sergeev, Vladimir"]
[Black "Koziol, Kamil"]
[Result "1-0"]
[WhiteTitle "GM"]
[BlackTitle "k"]
[WhiteElo "2452"]
[BlackElo "2187"]

1. c4 e6 2. d4 d5 3. Nf3 c5 4. cxd5 exd5 5. g3 Nc6 6. Bg2 Nf6 7. O-O Be7 8. Nc3
O-O 9. Bg5 c4 10. Ne5 Be6 11. b3 Qa5 12. Bd2 Qa6 13. bxc4 dxc4 14. Rb1 Rad8 15.
Rxb7 Qxb7 16. Nxc6 Rc8 17. Qa4 Qd7 18. d5 Bg4 19. Qxc4 Rfe8 20. Rb1 Bd6 21. Bg5
Bxe2 22. Qd4 Qf5 23. Bxf6 Qxf6 24. Qxf6 gxf6 25. Ne4 Rxe4 26. Bxe4 Re8 27. Bg2
Bd3 28. Rd1 Bc4 29. a3 Bxa3 30. Bf1 Bb3 31. Rd3 Bc4 32. Rd4 Bxf1 33. Kxf1 Bd6
34. Ra4 f5 35. f4 Re3 36. Rxa7 Rd3 37. Rd7 Bc5 38. Ke2 Re3+ 39. Kd2 Rf3 40. d6
Rf2+ 41. Kc3 Rxh2 42. Rd8+ Kg7 43. d7 Rh3 44. Rb8 Rxg3+ 45. Kc4 1-0

[Event "51. Miedzynarodowy Festiwal Szachowy im. Akiby Rubinsteina - OPEN B"]
[Site "Polanica-Zdroj"]
[Date "1899-12-30"]
[Round "4.5"]
[White "Nasuta, Grzegorz"]
[Black "Zebracki, Tomasz"]
[Result "1-0"]
[WhiteTitle "FM"]
[BlackTitle "k"]
[WhiteElo "2372"]
[BlackElo "2158"]

1. e4 e6 2. d4 d5 3. Nc3 Nf6 4. e5 Nfd7 5. f4 c5 6. Nf3 Nc6 7. Be3 a6 8. Qd2 b5
9. dxc5 Bxc5 10. Bd3 Bb7 11. Bf2 Bxf2+ 12. Qxf2 Qb6 13. O-O Ke7 14. a3 g6 15.
Ne2 Qxf2+ 16. Kxf2 f5 17. exf6+ Kxf6 18. Ned4 Nxd4 19. Nxd4 e5 20. fxe5+ Kxe5
21. Nf3+ Kd6 22. Ng5 Ne5 23. Kg3 Rae8 24. Nf7+ Nxf7 25. Rxf7 Re7 26. Rxe7 Kxe7
27. Rf1 Rg8 28. Kf4 Kf6 29. Ke3+ Ke6 30. Kd4 Rc8 31. c3 Rc7 32. g3 Bc8 33. Rf2
Kd6 34. Rf8 Be6 35. Rb8 Bd7 36. Rb6+ Rc6 37. Rb7 Rc8 38. Ra7 Rc6 39. Bf1 h6 40.
b3 Bc8 41. Bg2 Rc7 42. Rxc7 Kxc7 43. Kc5 g5 44. Bxd5 Bh3 45. Bf3 Bf5 46. Kd5 Bc2
47. b4 Bf5 48. Ke5 Bc8 49. Kf6 Kd6 50. Kg6 Ke5 51. Kxh6 g4 52. Bg2 Kf5 53. Kh5
Ke5 54. Kg5 Be6 55. Bb7 Bd7 56. Kh4 Kd6 57. Kh5 Kc7 58. Bg2 Kd6 59. Kg5 Ke5 60.
Bb7 Kd6 61. Kf4 Kc7 62. Be4 Kd6 63. Bf5 Be8 64. Bxg4 Kd5 65. Be2 1-0

[Event "51. Miedzynarodowy Festiwal Szachowy im. Akiby Rubinsteina - OPEN B"]
[Site "Polanica-Zdroj"]
[Date "1899-12-30"]
[Round "4.6"]
[White "Sabuk, Piotr"]
[Black "Zochowski, Kacper"]
[Result "1/2-1/2"]
[WhiteTitle "k+"]
[BlackTitle "k"]
[WhiteElo "2340"]
[BlackElo "2154"]

1. d4 Nf6 2. c4 e6 3. g3 Bb4+ 4. Bd2 Bxd2+ 5. Qxd2 d5 6. Bg2 O-O 7. Nf3 c6 8. O-O
Nbd7 9. Qc2 b6 10. Nbd2 Bb7 11. Rfd1 Qe7 12. e4 dxe4 13. Nxe4 c5 14. Ne5 Nxe5
15. dxe5 Nxe4 16. Bxe4 Bxe4 17. Qxe4 Rad8 18. h4 f6 19. Rxd8 Rxd8 20. exf6 Qxf6
21. Re1 Rd2 22. Re2 Rxe2 23. Qxe2 g6 24. Kg2 Kg7 25. b3 h5 26. Qe4 Qe7 27. Qe5+
Kh7 28. Kf3 Qd7 29. Ke2 Qe7 30. Ke3 Qf7 31. Qd6 Kg7 32. a4 Qf6 33. Qc7+ Kh6 34.
Qf4+ Kg7 35. Qxf6+ Kxf6 36. Ke4 g5 37. hxg5+ Kxg5 38. f3 Kf6 39. Kf4 1/2-1/2

[Event "51. Miedzynarodowy Festiwal Szachowy im. Akiby Rubinsteina - OPEN B"]
[Site "Polanica-Zdroj"]
[Date "1899-12-30"]
[Round "4.7"]
[White "Rozycki, Bartlomiej"]
[Black "Chylewski, Patryk"]
[Result "1-0"]
[WhiteTitle "k++"]
[BlackTitle "k"]
[WhiteElo "2169"]
[BlackElo "2143"]

1. e4 c5 2. Nf3 e6 3. c3 Nf6 4. e5 Nd5 5. d4 cxd4 6. cxd4 d6 7. Bc4 Nb6 8. Bb3
Nc6 9. Qe2 dxe5 10. dxe5 Be7 11. O-O O-O 12. Nc3 Nd7 13. Re1 Nc5 14. Bc2 b6 15.
Rd1 Qc7 16. Nb5 Qb8 17. Be3 Nb4 18. Bb1 Nd5 19. Qc2 g6 20. Bh6 Rd8 21. h4 Ba6
22. Nbd4 Nb4 23. Qd2 Nbd3 24. Nc6 Qc7 25. Nxe7+ Qxe7 26. Bg5 Qb7 27. Bxd8 Rxd8
28. Bxd3 Nxd3 29. Qh6 Qe4 30. Qxh7+ Kxh7 31. Ng5+ Kg7 32. Nxe4 Rd5 33. Nd6 Rxe5
34. Ne8+ Kh6 35. Nc7 Nc5 36. b4 Be2 37. bxc5 Bxd1 38. cxb6 axb6 39. Rxd1 Kh5 40.
g3 Re2 41. a3 Kg4 42. Kg2 e5 43. Rd6 Ra2 44. Rxb6 Rxa3 45. Rf6 g5 46. f3+ 1-0

[Event "51. Miedzynarodowy Festiwal Szachowy im. Akiby Rubinsteina - OPEN B"]
[Site "Polanica-Zdroj"]
[Date "1899-12-30"]
[Round "4.8"]
[White "Zareba, Radoslaw"]
[Black "Kanicki, Krzysztof"]
[Result "0-1"]
[WhiteTitle "I"]
[BlackTitle "k"]
[WhiteElo "2071"]
[BlackElo "2205"]

1. e4 c5 2. Nf3 Nc6 3. Bb5 g6 4. O-O Bg7 5. c3 Nf6 6. Re1 O-O 7. d4 cxd4 8. cxd4
d5 9. e5 Ne4 10. Nc3 Nxc3 11. bxc3 Na5 12. Bg5 Bf5 13. Nd2 Rc8 14. Rc1 a6 15.
Bf1 f6 16. Bf4 fxe5 17. Bxe5 Bh6 18. f4 Nc6 19. g4 Nxe5 20. Rxe5 Bd7 21. g5 Bg7
22. Rxd5 e6 23. Rd6 Rxf4 24. Bg2 Bf8 25. Rxd7 Qxd7 26. Ne4 Be7 27. Qd2 Rff8 28.
Re1 Kg7 29. Bh3 Rc6 30. Bg2 Rc7 31. h4 b5 32. h5 gxh5 33. Qe2 Rxc3 34. Qxh5 Qxd4+
35. Kh1 Re3 36. Qh6+ Kh8 37. Rxe3 Qxe3 38. Qxe6 Bxg5 39. Qe5+ Bf6 40. Qd6 Qh6+
41. Kg1 Qg7 42. Kh1 Be5 43. Qe6 Rg8 44. Qh3 Qg4 45. Qxg4 Rxg4 46. Kg1 Rf4 47.
Ng5 Bd4+ 48. Kh2 Rf2 49. Kg3 Rxa2 50. Bd5 Ra3+ 51. Kg4 Re3 52. Kf4 Re1 53. Ne6
Be5+ 54. Kf5 Bg7 55. Kf4 a5 0-1

[Event "51. Miedzynarodowy Festiwal Szachowy im. Akiby Rubinsteina - OPEN B"]
[Site "Polanica-Zdroj"]
[Date "1899-12-30"]
[Round "4.9"]
[White "Wisniewski, Michal"]
[Black "Czuchnicki, Adam"]
[Result "1-0"]
[WhiteTitle "k"]
[BlackTitle "I+"]
[WhiteElo "2133"]
[BlackElo "2063"]

1. e4 c5 2. Nf3 d6 3. d4 Nf6 4. dxc5 Nxe4 5. cxd6 Nxd6 6. Bf4 Nc6 7. Nc3 Bg4 8.
h3 Bf5 9. Qe2 Qd7 10. O-O-O O-O-O 11. Ne5 Nxe5 12. Qxe5 f6 13. Qa5 b6 14. Qd5
Kb8 15. g4 Be6 16. Qe4 Qb7 17. Qxe6 Qxh1 18. Nd5 Qf3 19. Ba6 g6 20. g5 fxg5 21.
Be5 g4 22. Bxh8 Bh6+ 23. Ne3 Rxh8 24. Qxe7 Bf4 25. Rxd6 Bxd6 26. Qxd6+ Ka8 27.
Bc4 1-0

[Event "51. Miedzynarodowy Festiwal Szachowy im. Akiby Rubinsteina - OPEN B"]
[Site "Polanica-Zdroj"]
[Date "1899-12-30"]
[Round "4.10"]
[White "Zolnierowicz, Krzysztof"]
[Black "Nowak, Kamil"]
[Result "0-1"]
[WhiteTitle "IM"]
[BlackTitle "I+"]
[WhiteElo "2043"]
[BlackElo "2133"]

1. Nf3 Nf6 2. g3 d5 3. Bg2 c6 4. O-O Bf5 5. d3 h6 6. Nbd2 e6 7. b3 Be7 8. Bb2 O-O
9. Qe1 Bh7 10. e4 a5 11. a4 c5 12. Ne5 Na6 13. Qe2 Qc7 14. Rae1 Rfe8 15. Nb1 Bd6
16. f4 c4 17. dxc4 Bxe4 18. Bxe4 Nxe4 19. Rd1 Nb4 20. Na3 Qb6+ 21. Kg2 Rad8 22.
Nb5 f6 23. Nf3 Bc5 24. Nfd4 Bxd4 25. Nxd4 Qc5 26. Qg4 Qe7 27. f5 Ng5 28. fxe6
dxc4 29. h4 Nxe6 30. Rde1 Rxd4 31. Bxd4 Nxc2 32. Bxf6 Nxe1+ 33. Kh2 Qf7 0-1

[Event "51. Miedzynarodowy Festiwal Szachowy im. Akiby Rubinsteina - OPEN B"]
[Site "Polanica-Zdroj"]
[Date "1899-12-30"]
[Round "4.11"]
[White "Psyk, Radoslaw"]
[Black "Mazalon, Mariusz"]
[Result "0-1"]
[WhiteTitle "k"]
[BlackTitle "k"]
[WhiteElo "2128"]
[BlackElo "2040"]

1. e4 c5 2. Nf3 a6 3. c3 d6 4. Be2 Nf6 5. O-O Nbd7 6. d3 g6 7. Bg5 Bg7 8. h3 h6
9. Be3 O-O 10. Qc1 Kh7 11. g4 Ng8 12. g5 h5 13. Nh4 e5 14. Qd1 Ne7 15. Nd2 b5
16. Kh2 Bb7 17. Rg1 d5 18. exd5 Nxd5 19. Bxh5 Rh8 20. Bf3 Kg8 21. Rg4 f5 22. gxf6
N7xf6 23. Nxg6 Nxe3 24. fxe3 Nxg4+ 25. Bxg4 Rh6 26. Be6+ Kh7 27. Bf5 Qg5 28. e4
Rxg6 29. Qg4 Qxg4 30. hxg4 Bh6 31. Nb3 Bf4+ 32. Kg2 Rc8 33. Kf3 Kg7 34. Bxc8 Bxc8
35. Rg1 Rh6 36. Nxc5 Rh3+ 37. Ke2 Rh2+ 38. Kf3 Rxb2 39. d4 Rc2 40. dxe5 Bxe5 41.
Nd3 Rxc3 42. Ke2 Bc7 43. Kd2 Rc4 44. Rc1 Rxc1 45. Nxc1 Bf4+ 46. Kc2 Bxc1 47. Kxc1
Bxg4 48. Kc2 Be6 49. a3 a5 50. Kc3 Kf6 51. Kd4 b4 52. Kd3 Ke5 53. Kc2 Kxe4 54.
Kd2 Kd4 55. Kc2 Kc4 56. Kb2 b3 57. a4 Kb4 58. Kb1 Kc3 59. Kc1 b2+ 0-1

[Event "51. Miedzynarodowy Festiwal Szachowy im. Akiby Rubinsteina - OPEN B"]
[Site "Polanica-Zdroj"]
[Date "1899-12-30"]
[Round "4.12"]
[White "Oglaza, Oskar"]
[Black "Pultorak, Jan"]
[Result "1/2-1/2"]
[WhiteTitle "I+"]
[BlackTitle "I+"]
[WhiteElo "2020"]
[BlackElo "2126"]

1. e4 d5 2. exd5 Qxd5 3. Nc3 Qd6 4. d4 Nf6 5. Nf3 c6 6. Bc4 Bg4 7. Be3 e6 8. h3
Bh5 9. g4 Bg6 10. Ne5 Nbd7 11. Bf4 Qb4 12. Bb3 Nxe5 13. Bxe5 Rd8 14. Qe2 Nd5 15.
a3 Qa5 16. Bxd5 cxd5 17. O-O h5 18. b4 Qb6 19. Na4 Qc6 20. Nc5 hxg4 21. hxg4 b6
22. Qa6 Bxc5 23. bxc5 Rc8 24. Rab1 O-O 25. Bd6 Rfd8 26. Qxa7 Rxd6 27. cxd6 Qxd6
28. Qb7 Rc7 29. Qxb6 Qf4 30. Rb3 Be4 31. Qb8+ Kh7 32. Rh3+ Kg6 33. Qh8 Rxc2 34.
Qh5+ Kf6 35. Qh4+ g5 36. Qg3 1/2-1/2

[Event "51. Miedzynarodowy Festiwal Szachowy im. Akiby Rubinsteina - OPEN B"]
[Site "Polanica-Zdroj"]
[Date "1899-12-30"]
[Round "4.13"]
[White "Panas, Pawel"]
[Black "Domanski, Lukasz"]
[Result "1-0"]
[WhiteTitle "k"]
[BlackTitle "I+"]
[WhiteElo "2100"]
[BlackElo "2002"]

1. d4 Nf6 2. Nf3 c5 3. d5 b5 4. c4 Bb7 5. Qc2 Na6 6. a3 bxc4 7. e4 e6 8. Bxc4 exd5
9. exd5 Nc7 10. Nc3 Bxd5 11. Nxd5 Ncxd5 12. O-O Nb6 13. Ne5 Nxc4 14. Qxc4 d5 15.
Qb5+ Nd7 16. Nc6 Nf6 1-0

[Event "51. Miedzynarodowy Festiwal Szachowy im. Akiby Rubinsteina - OPEN B"]
[Site "Polanica-Zdroj"]
[Date "1899-12-30"]
[Round "4.14"]
[White "Semerak, Pavel"]
[Black "Koziej, Maciej"]
[Result "0-1"]
[WhiteTitle "k"]
[BlackTitle "I++"]
[WhiteElo "2080"]
[BlackElo "1985"]

1. d4 f5 2. g3 Nf6 3. Bg2 e6 4. Nd2 d5 5. Ndf3 Bd6 6. Ne5 c5 7. c3 cxd4 8. cxd4
Bxe5 9. dxe5 Ng4 10. Nf3 Nc6 11. Bf4 Qb6 12. O-O Qxb2 13. h3 Nh6 14. Ne1 Nf7 15.
Nd3 Qa3 16. Bc1 Qa5 17. f4 O-O 18. a4 Bd7 19. Ba3 Rfb8 20. Rb1 Qd8 21. Qd2 b6
22. Bb4 Rc8 23. Rfc1 Nxb4 24. Qxb4 Rxc1+ 25. Rxc1 Rc8 26. Rxc8 Qxc8 27. a5 Qd8
28. a6 Qf8 29. Kf2 Nd8 30. e3 Nc6 31. Qd6 Qc8 32. Bf1 Kf7 33. g4 fxg4 34. hxg4
Be8 35. f5 Qd7 36. Bg2 Qxd6 37. exd6 Bd7 38. Kg3 Kf6 39. Kf4 exf5 40. Bxd5 g5+
41. Kg3 Ne5 42. Nb4 fxg4 43. Bg8 h5 44. Nd5+ Kg7 45. Nxb6 Kxg8 46. Nxd7 Nxd7 0-1

[Event "51. Miedzynarodowy Festiwal Szachowy im. Akiby Rubinsteina - OPEN B"]
[Site "Polanica-Zdroj"]
[Date "1899-12-30"]
[Round "4.15"]
[White "Widla, Piotr"]
[Black "Velecky, Viktor"]
[Result "1-0"]
[WhiteTitle "I++"]
[BlackTitle "k"]
[WhiteElo "2009"]
[BlackElo "2117"]

1. e4 c6 2. d4 d5 3. e5 Bf5 4. h4 Bd7 5. Nf3 e6 6. Bd3 c5 7. c3 cxd4 8. Ng5 dxc3
9. Nxc3 Nh6 10. Nxh7 d4 11. Nxf8 dxc3 12. Nxd7 cxb2 13. Bxb2 Qxd7 14. Qf3 Nc6
15. Rd1 O-O-O 16. O-O Qc7 17. Rc1 Nf5 18. Bxf5 exf5 19. Qxf5+ Kb8 20. g3 g6 21.
Qf4 Rhe8 22. Rfe1 Re6 23. a4 Rde8 24. a5 f6 25. Qe4 Qg7 26. Red1 Nxe5 27. Qd5
Qe7 28. Ba3 Qg7 1-0

[Event "51. Miedzynarodowy Festiwal Szachowy im. Akiby Rubinsteina - OPEN B"]
[Site "Polanica-Zdroj"]
[Date "1899-12-30"]
[Round "4.19"]
[White "Korpalski, Maciej"]
[Black "Nowak, Lukasz"]
[Result "0-1"]
[WhiteTitle "I"]
[BlackTitle "k"]
[WhiteElo "1838"]
[BlackElo "2113"]

1. e4 c5 2. Nf3 d6 3. d4 cxd4 4. Nxd4 Nf6 5. Nc3 a6 6. Be3 e5 7. Nb3 Be6 8. f3
h5 9. Nd5 Bxd5 10. exd5 Nbd7 11. Qd2 g6 12. Be2 Bg7 13. O-O O-O 14. c4 b6 15.
h3 Nc5 16. Nxc5 bxc5 17. b4 cxb4 18. Qxb4 Qc7 19. Rab1 Nd7 20. Qb7 Rfc8 21. Rfc1
Kh7 22. g4 Qd8 23. gxh5 Bh6 24. hxg6+ fxg6 25. Bxh6 Kxh6 26. Kh1 Rcb8 27. Qc6
Nc5 28. a4 Ra7 29. a5 Rab7 30. Rxb7 Rxb7 31. f4 exf4 32. Bg4 Qe7 33. Rf1 Rb8 34.
Bf3 Kg7 35. Bg2 g5 36. Kh2 Kf6 37. Rf3 Ke5 38. Rf1 Kd4 39. Rc1 Rb2 40. Rd1+ Nd3
41. c5 Rxg2+ 42. Kxg2 Qe2+ 43. Kg1 Qxd1+ 44. Kh2 Qe2+ 45. Kg1 Qe1+ 46. Kg2 Qg3+
47. Kh1 Nf2# 0-1

[Event "51. Miedzynarodowy Festiwal Szachowy im. Akiby Rubinsteina - OPEN B"]
[Site "Polanica-Zdroj"]
[Date "1899-12-30"]
[Round "5.1"]
[White "Malaniuk, Vladimir P"]
[Black "Kowalczyk, Pawel"]
[Result "1/2-1/2"]
[WhiteTitle "GM"]
[BlackTitle "I++"]
[WhiteElo "2485"]
[BlackElo "2352"]

1. d4 Nf6 2. Nf3 e6 3. c4 c5 4. e3 a6 5. Nc3 cxd4 6. exd4 d5 7. cxd5 Nxd5 8. Bd3
Be7 9. O-O Nc6 10. Re1 O-O 11. Be4 Bf6 12. Qb3 Nce7 13. Ne5 Qd6 14. Bd2 b5 15.
Bf3 Ra7 16. Nxd5 Nxd5 17. Bxd5 Qxd5 18. Qxd5 exd5 19. Bb4 Be7 20. Bxe7 Rxe7 21.
Nc6 Rxe1+ 22. Rxe1 Be6 23. Ne7+ Kh8 24. Rc1 g6 25. f3 Kg7 26. Rc7 Rd8 27. Kf2
Kf6 28. Nc6 Rc8 29. Rxc8 Bxc8 30. Nb4 Ke6 31. h4 h6 32. Nd3 g5 33. hxg5 hxg5 34.
Ke3 f6 35. Nc5+ Kd6 36. b4 Ke7 37. f4 Kf7 38. fxg5 fxg5 39. a4 bxa4 40. Nxa4 Bd7
41. Nc3 Ke6 42. g3 Kd6 43. Kd2 Bc6 44. Nd1 Bd7 45. Nc3 1/2-1/2

[Event "51. Miedzynarodowy Festiwal Szachowy im. Akiby Rubinsteina - OPEN B"]
[Site "Polanica-Zdroj"]
[Date "1899-12-30"]
[Round "5.2"]
[White "Sergeev, Vladimir"]
[Black "Nasuta, Grzegorz"]
[Result "1/2-1/2"]
[WhiteTitle "GM"]
[BlackTitle "FM"]
[WhiteElo "2452"]
[BlackElo "2372"]

1. d4 Nf6 2. Nf3 g6 3. Bg5 Bg7 4. Nbd2 d5 5. e3 O-O 6. b4 b6 7. Be2 c5 8. c3 Nbd7
9. h3 a5 10. bxc5 bxc5 11. Qa4 Ba6 12. Bxa6 Rxa6 13. O-O e6 14. Rab1 Qa8 15. Ne5
Nb6 16. Qb5 c4 17. Qc5 Nfd7 18. Nxd7 Nxd7 19. Qb5 Qa7 20. Bf4 Rc8 21. e4 h5 22.
exd5 Rb6 23. Qa4 Rxb1 24. Rxb1 Nb6 25. Rxb6 Qxb6 26. Nxc4 Qb1+ 27. Kh2 Qe4 28.
Bg3 Qxd5 29. Nb6 Qc6 30. Qb3 Rd8 31. a4 Bf8 32. Be5 Bd6 33. Nc4 Rb8 34. Qc2 Bc7
35. Bxc7 Qxc7+ 36. Ne5 Rc8 37. c4 Rd8 38. Qe4 Kg7 39. f4 Qd6 40. Qb7 Rf8 1/2-1/2

[Event "51. Miedzynarodowy Festiwal Szachowy im. Akiby Rubinsteina - OPEN B"]
[Site "Polanica-Zdroj"]
[Date "1899-12-30"]
[Round "5.3"]
[White "Zochowski, Kacper"]
[Black "Antoniewski, Rafal"]
[Result "0-1"]
[WhiteTitle "k"]
[BlackTitle "GM"]
[WhiteElo "2154"]
[BlackElo "2531"]

1. e4 c5 2. Nf3 Nc6 3. d4 cxd4 4. Nxd4 Qc7 5. Nc3 e6 6. Be2 Nf6 7. O-O Be7 8. Be3
O-O 9. f4 d6 10. Bf3 Nxd4 11. Bxd4 e5 12. Be3 exf4 13. Bxf4 Qc5+ 14. Kh1 Be6 15.
Ne2 Rfe8 16. Nd4 Bf8 17. Re1 Ng4 18. Bxg4 Bxg4 19. Qd3 a6 20. c3 b5 21. Qg3 Be6
22. e5 dxe5 23. Bxe5 Bd7 24. Nf3 Bf5 25. Bd4 Qd5 26. Re5 Rxe5 27. Qxe5 Qxe5 28.
Nxe5 f6 29. Nf3 a5 30. Kg1 Kf7 31. Kf2 g5 32. h3 h5 33. Be3 h4 34. Nd4 Bd7 35.
Ke2 Kg6 36. b3 Rc8 37. Kd3 Bd6 38. Rd1 Be5 39. Rc1 Rd8 40. Ke2 Re8 41. Kd2 Bg3
42. Rf1 Bd6 43. c4 bxc4 44. bxc4 Bc8 45. Rb1 Bb4+ 46. Kd3 Bb7 47. Rg1 Be4+ 48.
Ke2 Rc8 49. g3 hxg3 50. Rxg3 Rxc4 51. h4 Bc5 52. Rg4 Bf5 0-1

[Event "51. Miedzynarodowy Festiwal Szachowy im. Akiby Rubinsteina - OPEN B"]
[Site "Polanica-Zdroj"]
[Date "1899-12-30"]
[Round "5.4"]
[White "Nowak, Kamil"]
[Black "Stoma, Pawel"]
[Result "1-0"]
[WhiteTitle "I+"]
[BlackTitle "m"]
[WhiteElo "2133"]
[BlackElo "2346"]

1. e4 c6 2. d4 d5 3. e5 Bf5 4. Nf3 e6 5. Be2 Nd7 6. O-O Bg6 7. Nbd2 Nh6 8. Nb3
Be7 9. c3 Nf5 10. g4 Nh6 11. Ne1 Qc7 12. f4 O-O 13. f5 Nxf5 14. gxf5 Bxf5 15.
Bd3 Bg6 16. Qg4 Qb6 17. Bxg6 hxg6 18. Nd3 a5 19. Bg5 Bxg5 20. Qxg5 a4 21. Nbc5
Nxc5 22. dxc5 Qb5 23. Rf3 Rad8 24. Rh3 Qc4 25. Rf1 a3 26. b3 Qxc3 27. Qh4 f5 28.
exf6 Rxf6 29. Qh8+ 1-0

[Event "51. Miedzynarodowy Festiwal Szachowy im. Akiby Rubinsteina - OPEN B"]
[Site "Polanica-Zdroj"]
[Date "1899-12-30"]
[Round "5.5"]
[White "Mazalon, Mariusz"]
[Black "Sabuk, Piotr"]
[Result "0-1"]
[WhiteTitle "k"]
[BlackTitle "k+"]
[WhiteElo "2040"]
[BlackElo "2340"]

1. d4 Nf6 2. c4 g6 3. Nc3 Bg7 4. e4 d6 5. Nf3 O-O 6. h3 e5 7. d5 a5 8. Bg5 Na6
9. Nd2 Qe8 10. Be2 Nd7 11. g4 Ndc5 12. Rg1 Kh8 13. a3 a4 14. Qc2 f5 15. f3 f4
16. Bh4 h6 17. Bf2 Bd7 18. Kf1 Qd8 19. h4 Bf6 20. Rh1 Be7 21. h5 gxh5 22. Rxh5
Kg7 23. Kg2 Be8 24. Rh3 Qd7 25. Rah1 Rh8 26. Qd1 Bg6 27. R1h2 Rh7 28. Qh1 Bg5
29. Bd1 Rb8 30. Bc2 Rbh8 31. Kf1 Be8 32. Ke2 Qe7 33. Kd1 Kg8 34. Kc1 h5 35. gxh5
Bd7 36. Rg2 Bxh3 37. Qxh3 Rxh5 38. Qf5 R8h7 39. Nf1 Rg7 40. Nh2 Qf7 41. Ng4 Be7
42. Nxa4 Rxf5 43. exf5 Kf8 44. Nxc5 Nxc5 45. b4 Nd7 46. Be4 Nf6 47. c5 Nxe4 48.
fxe4 Qh5 49. cxd6 cxd6 0-1

[Event "51. Miedzynarodowy Festiwal Szachowy im. Akiby Rubinsteina - OPEN B"]
[Site "Polanica-Zdroj"]
[Date "1899-12-30"]
[Round "5.6"]
[White "Swicarz, Maciej"]
[Black "Wisniewski, Michal"]
[Result "1/2-1/2"]
[WhiteTitle "m"]
[BlackTitle "k"]
[WhiteElo "2300"]
[BlackElo "2133"]

1. d4 Nf6 2. Bf4 g6 3. e3 Bg7 4. h3 O-O 5. Nf3 d6 6. c4 Nfd7 7. Nc3 e5 8. Bh2 exd4
9. Nxd4 Nc6 10. Qd2 Nxd4 11. exd4 Qh4 12. O-O-O Bh6 13. f4 f5 14. c5 Qd8 15. g4
Nb8 16. Bc4+ Kh8 17. g5 Bg7 18. cxd6 Nc6 19. dxc7 Qxc7 20. Nb5 Qa5 21. d5 Nb4
22. a3 Bd7 23. axb4 Qa1+ 24. Kc2 Qxb2+ 25. Kd3 Bxb5 26. Bxb5 Qb3+ 27. Ke2 Rac8
28. Rb1 Qxh3 29. Kf2 Rc3 30. Rbd1 Rfc8 31. Be2 Re8 32. d6 Rce3 33. d7 Rxe2+ 34.
Qxe2 Rxe2+ 35. Kxe2 Qg2+ 36. Kd3 Qf3+ 37. Kd2 Qf2+ 38. Kd3 Qf3+ 39. Kd2 Qf2+ 1/2-1/2

[Event "51. Miedzynarodowy Festiwal Szachowy im. Akiby Rubinsteina - OPEN B"]
[Site "Polanica-Zdroj"]
[Date "1899-12-30"]
[Round "5.7"]
[White "Dubinski, Mateusz"]
[Black "Panas, Pawel"]
[Result "1-0"]
[WhiteTitle "CM"]
[BlackTitle "k"]
[WhiteElo "2207"]
[BlackElo "2100"]

1. d4 e6 2. c4 f5 3. g3 Nf6 4. Bg2 c6 5. d5 cxd5 6. cxd5 Bb4+ 7. Nc3 O-O 8. Qb3
Qb6 9. Be3 Qa5 10. Bd2 Qb6 11. Nh3 1-0

[Event "51. Miedzynarodowy Festiwal Szachowy im. Akiby Rubinsteina - OPEN B"]
[Site "Polanica-Zdroj"]
[Date "1899-12-30"]
[Round "5.8"]
[White "Kanicki, Krzysztof"]
[Black "Widla, Piotr"]
[Result "1/2-1/2"]
[WhiteTitle "k"]
[BlackTitle "I++"]
[WhiteElo "2205"]
[BlackElo "2009"]

1. e4 c5 2. Nf3 d6 3. d4 cxd4 4. Nxd4 Nf6 5. Nc3 a6 6. Be3 e6 7. f3 Nbd7 8. g4
Ne5 9. g5 Nfd7 10. f4 Nc6 11. h4 Nxd4 12. Qxd4 Qa5 13. O-O-O b5 14. Kb1 b4 1/2-1/2

[Event "51. Miedzynarodowy Festiwal Szachowy im. Akiby Rubinsteina - OPEN B"]
[Site "Polanica-Zdroj"]
[Date "1899-12-30"]
[Round "5.9"]
[White "Koziej, Maciej"]
[Black "Rozycki, Bartlomiej"]
[Result "0-1"]
[WhiteTitle "I++"]
[BlackTitle "k++"]
[WhiteElo "1985"]
[BlackElo "2169"]

1. e4 c5 2. Nf3 d6 3. d4 cxd4 4. Nxd4 Nf6 5. Nc3 a6 6. h3 e6 7. g4 b5 8. Bg2 Bb7
9. g5 Nfd7 10. a3 Be7 11. h4 Nc6 12. f4 O-O 13. Be3 Nxd4 14. Qxd4 e5 15. Qd2 exf4
16. Bxf4 Ne5 17. Bxe5 dxe5 18. Qxd8 Raxd8 19. Ke2 Bc5 20. Nd5 f5 21. gxf6 gxf6
0-1

[Event "51. Miedzynarodowy Festiwal Szachowy im. Akiby Rubinsteina - OPEN B"]
[Site "Polanica-Zdroj"]
[Date "1899-12-30"]
[Round "5.10"]
[White "Zebracki, Tomasz"]
[Black "Leks, Maria"]
[Result "0-1"]
[WhiteTitle "k"]
[BlackTitle "WCM"]
[WhiteElo "2158"]
[BlackElo "2101"]

1. e4 d6 2. d4 Nf6 3. Nc3 e5 4. dxe5 dxe5 5. Qxd8+ Kxd8 6. Nf3 Bd6 7. Bg5 Be6 8.
O-O-O Ke7 9. Nd5+ Bxd5 10. exd5 Nbd7 11. Bd3 h6 12. Bxf6+ Kxf6 13. Nd2 Nc5 14.
Ne4+ Nxe4 15. Bxe4 g6 16. h4 h5 17. c4 Ke7 18. Rhe1 f5 19. Bc2 Kf6 20. a3 a5 21.
Kd2 Rab8 22. Ba4 Bc5 23. Re2 Rhd8 24. Kc3 c6 25. dxc6 Bd4+ 26. Kc2 bxc6 27. b3
c5 28. Red2 Rb6 29. Bb5 Rbd6 30. Rb1 Ra8 31. Rbd1 g5 32. hxg5+ Kxg5 33. Rh1 h4
34. Kd1 e4 35. Ke2 f4 36. Rh3 Rad8 37. Rd1 e3 38. fxe3 Bxe3 39. Rd5+ Rxd5 40.
cxd5 Rxd5 41. Bd3 a4 42. bxa4 Rd4 43. Bb5 c4 44. Rh1 Rd2+ 45. Kf3 Kf5 46. g4+
Ke5 47. Rf1 c3 48. a5 c2 49. Be2 Rd8 0-1

[Event "51. Miedzynarodowy Festiwal Szachowy im. Akiby Rubinsteina - OPEN B"]
[Site "Polanica-Zdroj"]
[Date "1899-12-30"]
[Round "5.11"]
[White "Chylewski, Patryk"]
[Black "Oglaza, Oskar"]
[Result "0-1"]
[WhiteTitle "k"]
[BlackTitle "I+"]
[WhiteElo "2143"]
[BlackElo "2020"]

1. e4 c5 2. Nf3 d6 3. d4 Nf6 4. Nc3 cxd4 5. Nxd4 a6 6. Be2 e6 7. a4 b6 8. f4 Qc7
9. Bf3 Bb7 10. O-O Be7 11. Kh1 O-O 12. Be3 Nbd7 13. Nb3 Rac8 14. g4 Qc4 15. Nd2
Qb4 16. g5 Ne8 17. Ra3 d5 18. exd5 Qa5 19. Nb3 Qb4 20. Nd4 Qd6 21. dxe6 Bxf3+
22. Qxf3 fxe6 23. Rd1 Ne5 24. Qe4 Nc4 25. Nxe6 Qc6 26. Nd5 Bxa3 27. bxa3 Rf7 28.
Bc1 Ned6 29. Qg2 Nf5 30. g6 hxg6 31. Ng5 Rd7 32. Ne4 Rcd8 33. Nec3 Qe6 34. h3
Nce3 35. Bxe3 Nxe3 36. Nxe3 Qxe3 37. Nd5 Qe6 38. c4 b5 39. axb5 axb5 40. Kh2 bxc4
41. Nc7 Qf5 42. Rxd7 Qxf4+ 43. Kg1 Rxd7 44. Qa8+ Kh7 45. Qa4 Qxc7 0-1